Microsoft ASP.NET 4.0: paso a paso (Registro nro. 2980)

Detalles MARC
000 -CABECERA
campo de control de longitud fija 00834aam a2200313 4500
005 - FECHA Y HORA DE ACTUALIZACIÓN
campo de control 20161117100650.0
008 - LONGITUD FIJA
campo de control de longitud fija 150622b xxu||||| |||| 00| 0 spa d
041 ## - IDIOMA
Código de idioma del texto/pista de sonido o título separado
082 ## - CLASIFICACIÓN DECIMAL DEWEY
Número de clasificación 005.262 S548a
100 ## - AUTOR PERSONAL
Nombre de persona Shepherd, George
245 ## - TÍTULO PROPIAMENTE DICHO
Título Microsoft ASP.NET 4.0: paso a paso
260 ## - PIE DE IMPRENTA
Lugar de publicación, distribución, etc. España
Nombre del editor, distribuidor, etc. ANAYA
Fecha de publicación, distribución, etc. 2011
300 ## - DESCRIPCIÓN FÍSICA
Extensión 752 páginas
650 ## - Materia General
Materia general LENGUAJE DE PROGRAMACIÓN
650 ## - Materia General
Materia general ASP.NET
650 ## - Materia General
Materia general HTTP
650 ## - Materia General
Materia general HTML
650 ## - Materia General
Materia general WEB
650 ## - Materia General
Materia general ASP
650 ## - Materia General
Materia general CONTROLES WEB
650 ## - Materia General
Materia general CONFIGURACIONES
650 ## - Materia General
Materia general AUTENTICACIÓN
650 ## - Materia General
Materia general ENLACE DE DATOS
650 ## - Materia General
Materia general SQL SERVER
650 ## - Materia General
Materia general DIAGNÓSTICO
650 ## - Materia General
Materia general DEPURACIÓN
650 ## - Materia General
Materia general AJAX
942 ## - Punto de Acceso Adicional Koha
Tipo de ítem Koha Libro
Existencias
Estado perdido Estado dañado No para préstamo Biblioteca permanente Biblioteca actual Signatura completa Código de barras Precio efectivo a partir del Tipo de ítem
      Departamento de Biblioteca y Documentación Alfonso Chase Brenes Departamento de Biblioteca y Documentación Alfonso Chase Brenes 005.262 S548a 17607 06/10/2016 Libro